Dirigir una pyme : 10 etapas /
Guardado en:
| Autor Principal: | |
|---|---|
| Formato: | Libro |
| Publicado: |
Barcelona :
Paidós,
1995
|
| Series: | Empresa
|
| Materias: | |
| Etiquetas: |
Agregar Etiqueta
Sin Etiquetas, Sea el primero en etiquetar este registro!
|
| LEADER | 00703nam a22002175a 4500 | ||
|---|---|---|---|
| 001 | CEM.cems009268 | ||
| 005 | 20090403090010.0 | ||
| 008 | 130507s1995##################000#0#####d | ||
| 003 | CEMS | ||
| 020 | |a 8449300916 | ||
| 082 | 0 | 4 | |a 658.1 |
| 100 | 1 | |a Sainte Marie, Georges de | |
| 245 | 1 | 0 | |a Dirigir una pyme : |b 10 etapas / |c Georges de Sainte-marie |
| 260 | |a Barcelona : |b Paidós, |c 1995 | ||
| 300 | |a 229 p. | ||
| 490 | 0 | |a Empresa | |
| 505 | 0 | |a Preparación para el diagnóstico estratégico -- La preparación para la decisión estratégica y la ejecución | |
| 653 | |a Administración de emprensas | ||
| 653 | |a Economía | ||
| 653 | |a Pymes | ||
| 859 | |a CEMS |b BIB. CEMS - 11 de abril |h 658.1 |i Sa27 |p 18842.96 |t Ej.1 | ||
